History Quiz

Random History or Blitz Quiz
Score 0/20 Timer 04:00
1 Play Today
Person Lifespan % Correct
Princess Diana???
92.8%
Marilyn Monroe???
91%
Bob Marley???
90%
Anne Frank???
89.7%
Jim Morrison???
84.9%
Janis Joplin???
83.6%
Buddy Holly???
77.8%
James Dean???
77.5%
Chris Farley???
75.5%
Jack Kerouac???
68.7%
Person Lifespan % Correct
Lou Gehrig???
64.4%
Jesse James (outlaw)???
55.7%
Sylvia Plath???
45.3%
Vincent van Gogh???
42.2%
Ferdinand Magellan???
36.6%
Charlotte Brontë???
33.9%
Wolfgang Amadeus Mozart???
30.1%
Anne Boleyn???
20.4%
Louis Braille???
20.2%
Ada Lovelace???
12.2%
Remove Ads.
Support Sporcle.
Get the best of Sporcle when you Go Orange. This ad-free experience offers more features, more stats, and more fun while also helping to support Sporcle. Thank you for becoming a member.

You're not logged in!

Compare scores with friends on all Sporcle quizzes.
OR
Log In

Show Comments

Extras

Top Quizzes Today


Score Distribution

Your Account Isn't Verified!

In order to create a playlist on Sporcle, you need to verify the email address you used during registration. Go to your Sporcle Settings to finish the process.

Report this User

Report this user for behavior that violates our Community Guidelines.

Details: